8 mots dans mots : hop (mort subite) - Statistiques

Statistiques générales
  • Ce quiz a été pris 31 fois
  • Le résultat moyen est 6 sur 8
Answers on the Grid
Answers color-coded by a green-red scale on the quiz's grid according to % correct below.
ort---honiste
psyc---athe
c---eronner
C---in
s---ping
sainte-c---elle
navire - ---ital
c---eauter
Aix-la-c---elle
éc---per
porte-c---eaux
c---itrer
coffee-s---
r---sodique
c---ardage
psyc---harmacologie
 
Statistiques - réponses
Réponse % Correct
psyc---athe
86%
psyc---harmacologie
83%
ort---honiste
79%
coffee-s---
76%
C---in
72%
s---ping
72%
navire - ---ital
59%
éc---per
55%
Aucun quiz correspondant
Distribution des résultats
% des personnes avec chaque résultat
Percentile par nombre de réponses
Votre historique - résultats
Vous n’avez pas pris ce quiz